| 000 | 02200nam0a2200361 4500 | ||
|---|---|---|---|
| 001 | RU\NLR\bibl\352361 | ||
| 005 | 20260407081837.0 | ||
| 021 |
_aRU _b2002-49441 _92391 |
||
| 035 | _a(NLR Aleph) 000347065 | ||
| 090 |
_a252467 _c252467 |
||
| 100 | _a20021218d2002 |||y0rusy50 ca | ||
| 101 | 0 | _arus | |
| 102 | _aRU | ||
| 105 | _aa ||||||||| | ||
| 200 | 1 |
_aОсложнения при прорезывании нижних третьих моляров (клиника, диагностика, лечение) _eПособие для занятий со студентами III-V курсов стоматол. фак. _fМ-во здравоохранения Рос. Федерации, С.-Петерб. гос. мед. ун-т им. И.П. Павлова, Каф. хирург. стоматологии, челюст.-лицевой и пласт. хирургии _g[А.Р. Андреищев] |
|
| 210 |
_aСПб. _cИзд-во СПбГМУ _d2002 |
||
| 215 |
_a38 с., включая обл. _cил. _d20 |
||
| 320 | _aБиблиогр.: с. 38 | ||
| 606 | 0 |
_aЗубы мудрости _jРуководства, пособия и т.п. _xПрорезывание _xОсложнения _91154676 _3RU\NLR\auth\66461277 |
|
| 606 | 0 |
_aЗубы мудрости _jУчебные издания для высшей школы _xПрорезывание _xОсложнения _91154676 _3RU\NLR\auth\66461277 |
|
| 610 | 0 | _aЗубы - Прорезывание - Осложнения и последствия | |
| 675 |
_a616.314-007-06(075.8) _v3 _zrus |
||
| 686 |
_a76.29 _2rugasnti |
||
| 686 |
_a56.6я73 _2rubbk |
||
| 686 | _aР668.551.057я73 | ||
| 702 | 1 |
_aАндреищев _bА. Р. _4220 |
|
| 712 | 0 | 2 |
_4570 _aСанкт-Петербургский государственный медицинский университет им. И. П. Павлова _bКафедра хирургической стоматологии, челюстно-лицевой и пластической хирургии _3RU\NLR\AUTH\8810042430 _9584295 |
| 801 | 0 |
_aRU _bRKP _c20021218 _gPSBO |
|
| 801 | 1 |
_aRU _bRKP _c20021218 |
|
| 801 | 2 |
_aRU _bNLR _c20070605 _grcr |
|
| 942 | _cBOOK | ||
| 980 | _aNB | ||